Daňové súvislosti obchodného majetku fyzickej osoby

Ako je chápaný obchodný majetok FO pre obchodné, účtovné a daňové účely. V článku sú uvedené aj vybrané prípady zahrňovania ceny majetku do daňových výdavkov prostredníctvom odpisov u daňovníka - FO.

Uložené v:
Podrobná bibliografia
Hlavný autor: Brnová, Miroslava
Médium: Kapitola
Jazyk:Slovak
Predmet:
Tagy: Pridať tag
Žiadne tagy, Buďte prvý, kto otaguje tento záznam!

MARC

LEADER 00000naa a2200000 4500
001 0192811
005 20231114112247.0
041 0 |a slo 
044 |a SK 
245 1 0 |a Daňové súvislosti obchodného majetku fyzickej osoby  |c Miroslava Brnová 
520 |a Ako je chápaný obchodný majetok FO pre obchodné, účtovné a daňové účely. V článku sú uvedené aj vybrané prípady zahrňovania ceny majetku do daňových výdavkov prostredníctvom odpisov u daňovníka - FO. 
610 2 0 |a majetok obchodný 
610 2 0 |a osoby fyzické 
610 2 0 |a dane 
100 1 |a Brnová, Miroslava